| 000 | 00891nam a2200217Ia 4500 | ||
|---|---|---|---|
| 001 | 7389 | ||
| 003 | GE_BSU | ||
| 008 | 181216s||||||||xx |||||||||||||| ||und|| | ||
| 040 | _cGE_BSU | ||
| 080 | _a621.317:656 | ||
| 100 | _aДмитренко,И.Е. Устинский,А.А. Цыганов,В.И. | ||
| 245 | _aИзмерения в устроиствах автоматики, телемеханики и связи на железнодорожном транспорте. | ||
| 245 | _bУчебник. | ||
| 245 | _cРед. И.И.Тумаркина. | ||
| 260 | _aМ. | ||
| 260 | _bТранспорт. | ||
| 260 | _c1969. | ||
| 300 | _a280стр.22см.библиогр.:стр.275-276. | ||
| 653 | _aИзмерения в устроиствах автоматики, телемеханики и связи на железнодорожном транспорте. | ||
| 942 | _cBK | ||
| 999 |
_c40750 _d40750 |
||